| 000 | 00564nam a2200217Ia 4500 | ||
|---|---|---|---|
| 003 | IIN | ||
| 005 | 20240206130903.0 | ||
| 008 | 231217s9999 xx 000 0 und d | ||
| 020 |
_cRs.300.00 _a9788192406015 (pbk) |
||
| 040 |
_aIIN _bEnglish |
||
| 082 |
_a616.890231 _bKAP |
||
| 100 | 1 | 0 | _aKapoor, Bimla |
| 245 | 2 |
_aA Textbook Psychiatric Nursing / _cBimla Kapoor |
|
| 250 | _a3rd ed | ||
| 260 |
_aDelhi : _bKumar Pub, _c2010 |
||
| 300 | _a[5].6-182p. | ||
| 440 | _vVol.1 | ||
| 650 | 1 |
_aMental Health _vNursing |
|
| 650 | 1 | _aPsychiatric Nursing | |
| 942 | _cBOOK | ||
| 999 |
_c1335 _d1335 |
||